00713cam a2200229 a 450000100100000000500170001000800410002702000150006804000310008308200240011410000300013824500790016825000110024726000320025830000210029049000290031150400270034065000240036765000360039170000250042783000310045200001006220200929161826.0931007s1989 sp b 000 p spa d a8437606926 aDO-SdBNPcTxHRdOCoLCdDLC a861.64bG194e, 19891 aGamoneda, Antonio,d1931-10aEdad :bpoesía 1947-1986 /cAntonio Gamoneda ; edición, Miguel Casado. a4a ed. aMadrid :bCátedra,c1989. a385 p. ;c18 cm.1 aLetras hispánicasv271 aBibliografía: p. 65. 4aPoesía española 4aLiteratura españolaySIGLO XX1 aCasado, Miguel,eed. 0aLetras hispánicas ;v271